68 Babynamen der Woche 16/26' - Statistiken

Allgemein
  • Dieses Quiz wurde 11 mal gespielt
  • Das Durchschnittsergebnis liegt bei 29 aus 68
Antwortstatistiken
📍 Vorname % Korrekt
M.x ♂️ Max
100%
El.s.b..h ♀️ Elisabeth
90%
F.n ♂️ Fin
90%
M.x.m ♂️ Maxim
90%
No.h ♂️ Noah
90%
Jö.g ♂️ Jörg
80%
Ku.t ♂️ Kurt
80%
Li.a ♀️ Lina
80%
Ma.t.n ♂️ Martin
80%
B.n.d..t ♂️ Benedikt
70%
Je.s ♂️ Jens
70%
Lu.a ♀️ Luna
70%
M.c.a.l ♂️ Michael
70%
M.r..z ♂️ Moritz
70%
N.c..e ♀️ Nicole
70%
Ro.a ♀️ Rosa
70%
Th.m.s ♂️ Thomas
70%
U.e ♂️ Uwe
70%
A.y ♀️ Amy
60%
A.d.e.s ♂️ Andreas
60%
E.l.o.t ♂️ Elliott
60%
En.d ♀️ Enid
60%
F.i.z ♂️ Fritz
60%
L.t.a ♀️ Lotta
60%
M.k..l ♂️ Mikael
60%
P.t.r ♂️ Peter
60%
S.b..t..n ♂️ Sebastian
60%
To.i ♂️ Toni
60%
Vi.t.r.a ♀️ Viktoria
60%
V.v..n ♀️ Vivien
60%
Vo.k.r ♂️ Volker
60%
X.v.r ♂️ Xaver
60%
E.e.a ♀️ Elena
50%
R.c.a.d ♂️ Richard
50%
M.l.a ♀️ Malia
40%
M.r.e ♀️ Marie
40%
M.k..l ♂️ Mikkel
40%
S.p..e ♀️ Sophie
40%
We.n.r ♂️ Werner
40%
A.r.n ♂️ Aaron
30%
Al.a ♀️ Alea
30%
B.n..t ♂️ Bennet
30%
D.a.a ♀️ Diana
30%
F.i.a ♀️ Frida
30%
J.s.e ♂️ Jesse
30%
La.l.h ♀️ Lailah
30%
Gi.l.a ♀️ Giulia
20%
Lo.i ♂️ Loki
20%
M.s.n ♂️ Mason
20%
N.l.o ♂️ Nelio
20%
El.k.a ♀️ Elikya
10%
E.m..l ♂️ Esmael
10%
No.r ♂️ Noar
10%
N.r.k ♂️ Norik
10%
S.s.a ♀️ Sasha
10%
A.i.n ♂️ Arion
0%
C.a.e ♂️ Chase
0%
F.r.s ♂️ Firas
0%
H.l.o ♂️ Hilko
0%
J.l.e ♂️ Jelde
0%
K.e.l ♂️ Kjell
0%
M.l..a ♀️ Milana
0%
R.t..l ♀️ Rateel
0%
Sa.s.b.l ♀️ Salsabil
0%
S.k.i.a ♀️ Sukaina
0%
Y.s..r ♂️ Yasser
0%
Yl.a ♀️ Ylva
0%
Za.z.m ♀️ Zamzam
0%
Keine übereinstimmenden Quizze gefunden
Verteilung der Resultate
Anzahl Personen mit jedem Resultat
Perzentil nach korrekt beantworteten Fragen
Ihre Resultats-Entwicklung
Sie haben dieses Quiz noch nicht gespielt